Grief and disappearance : (Record no. 94798)

MARC details
000 -LEADER
fixed length control field 00845nam a22002537a 4500
005 - DATE AND TIME OF LATEST TRANSACTION
control field 20150901115740.0
010 ## - LCCN (DPL NO)
LC control number ENG-113426
020 ## - INTERNATIONAL STANDARD BOOK NUMBER
International Standard Book Number 9789351502425
Terms of availability 895.00
035 ## - SYSTEM CONTROL NUMBER
System control number EN-96958
037 ## - SOURCE OF ACQUISITION
Source of stock number/acquisition DBAD/PUB
082 ## - DEWEY DECIMAL CLASSIFICATION NUMBER
Classification number 155.93
100 ## - MAIN ENTRY--PERSONAL NAME
Personal name Preitler, Barbara
245 ## - TITLE STATEMENT
Title Grief and disappearance :
Statement of responsibility, etc by Barbara Preitler ; translated by Julia Skala
Remainder of title psychosocial interventions /
260 ## - PUBLICATION, DISTRIBUTION, ETC. (IMPRINT)
Place of publication, distribution, etc New Delhi
Name of publisher, distributor, etc Sage Publications
Date of publication, distribution, etc 2015
270 ## - ADDRESS
Address B1/I-1, Mohan Cooperative Industrial Area, Mathura Road
City New Delhi
Postal code 110044
300 ## - PHYSICAL DESCRIPTION
Extent xi,228p.
Dimensions 22cm(Hb)
500 ## - GENERAL NOTE
General note Includes bibliographical references and index
650 ## - SUBJECT ADDED ENTRY--TOPICAL TERM
Topical term or geographic name as entry element Grief.
650 ## - SUBJECT ADDED ENTRY--TOPICAL TERM
Topical term or geographic name as entry element Disappeared persons.
650 ## - SUBJECT ADDED ENTRY--TOPICAL TERM
Topical term or geographic name as entry element Missing persons.
650 ## - SUBJECT ADDED ENTRY--TOPICAL TERM
Topical term or geographic name as entry element Psychic trauma
General subdivision Treatment.
700 ## - ADDED ENTRY--PERSONAL NAME
Personal name Skala, Julia
942 ## - ADDED ENTRY ELEMENTS (KOHA)
Source of classification or shelving scheme Dewey Decimal Classification
Item type English Books
Call number suffix PRE
Classification part 155.93
Holdings
Withdrawn status Lost status Not for loan Collection code Home library Current library Date acquired Source of acquisition Cost, normal purchase price Full call number Barcode Copy number Cost, replacement price Koha item type
    Not For Loan Non-fiction D.B.Act.Division D.B.Act.Division 10/07/2015 DBAD/PUB 895.00 155.93 PRE EN-96958 1 895.00 English Books

© Delhi Public Library
Hit Counter
free hit counter